[Event "Belgrade-chT Quality"]
[Site "Belgrade"]
[Date "2015.11.05"]
[Round "11.5"]
[White "Vukajlovic, Jovan"]
[Black "Pavlovic, Milutin"]
[Result "0-1"]
[WhiteElo "1566"]
[BlackElo "1787"]
[PlyCount "50"]
[EventDate "2015.10.03"]
[EventType "team-tourn"]
[EventRounds "11"]
[EventCountry "SRB"]
[SourceTitle "EXT 2018"]
[Source "ChessBase"]
[SourceDate "2017.10.13"]
[SourceVersion "1"]
[SourceVersionDate "2017.10.13"]
[SourceQuality "1"]

1. e4 c5 2. Nf3 d6 3. d4 cxd4 4. Nxd4 Nf6 5. Nc3 g6 6. Be3 Bg7 7. f3 Nc6 8. Qd2 0-0 9. 0-0-0 Re8 10. g4 a6 11. h4 Bd7 12. h5 b5 13. hxg6 fxg6 14. Bh6 Bh8 15. Be2 Nxe4 16. Nxe4 Nxd4 17. Bd3 Nxf3 18. Qf4 Ne5 19. Ng5 Bxg4 20. Rdg1 Qc7 21. Rg3 Nxd3+ 22. Rxd3 Qc4 23. Qh2 Be5 24. Qh4 Qf4+ 25. Kb1 Bh5 0-1

[Event "Belgrade-chT Quality"]
[Site "Belgrade"]
[Date "2015.11.02"]
[Round "8"]
[White "Stajcic, Vladimir"]
[Black "Vukajlovic, Jovan"]
[Result "1/2-1/2"]
[WhiteElo "2015"]
[BlackElo "1566"]
[PlyCount "27"]
[EventDate "2015.10.03"]
[EventType "team-tourn"]
[EventRounds "11"]
[EventCountry "SRB"]
[SourceTitle "EXT 2018"]
[Source "ChessBase"]
[SourceDate "2017.10.13"]
[SourceVersion "1"]
[SourceVersionDate "2017.10.13"]
[SourceQuality "1"]

1. d4 d5 2. c4 e6 3. Nc3 Nf6 4. Bg5 h6 5. Bxf6 Qxf6 6. cxd5 Bb4 7. Qa4+ c6 8. Qxb4 exd5 9. e3 a5 10. Qa3 b5 11. Nxb5 cxb5 12. Bxb5+ Bd7 13. Bxd7+ Nxd7 14. Nf3 1/2-1/2

[Event "SRB Central-ch op-B 5th"]
[Site "Paracin"]
[Date "2012.07.06"]
[Round "1"]
[White "Stojkovic, Zoran"]
[Black "Vukajlovic, Jovan"]
[Result "1-0"]
[WhiteElo "2019"]
[BlackElo "1574"]
[PlyCount "123"]
[EventDate "2012.07.06"]
[EventType "swiss"]
[EventRounds "9"]
[EventCountry "SRB"]
[SourceTitle "CBM 149 Extra"]
[Source "ChessBase"]
[SourceDate "2012.08.24"]
[SourceVersion "1"]
[SourceVersionDate "2012.08.24"]
[SourceQuality "1"]

1. e4 c5 2. Nf3 Nc6 3. d4 cxd4 4. Nxd4 g6 5. Nxc6 bxc6 6. Qd4 Nf6 7. e5 Ng8 8. Be3 Bg7 9. Qe4 Qa5+ 10. c3 Qxe5 11. Qf3 Nf6 12. Be2 d5 13. Bd4 Qg5 14. 0-0 0-0 15. Bc5 Re8 16. Na3 Qd2 17. Rfd1 Qg5 18. Be3 Qg4 19. Rd4 Qxf3 20. Bxf3 Rb8 21. Rd2 a6 22. Re1 Bg4 23. Bxg4 Nxg4 24. Bc5 e6 25. h3 Nf6 26. f3 Nd7 27. Be3 Nb6 28. Bxb6 Rxb6 29. Rc2 Reb8 30. b3 Bf8 31. Nb1 c5 32. Nd2 Bh6 33. Nf1 Bg7 34. Nd2 a5 35. c4 d4 36. Kf1 Bh6 37. Ne4 Bg7 38. Nxc5 Rc6 39. Na4 Kf8 40. Ke2 Rd8 41. Kd3 e5 42. a3 f6 43. b4 axb4 44. axb4 Ra6 45. Ra1 Kf7 46. Rca2 Rda8 47. c5 Bf8 48. Kc4 Ke6 49. b5 Ra5 50. Nc3 Rxa2 51. Rxa2 Rc8 52. Ra6+ Kf7 53. Ne4 f5 54. Ng5+ Kg8 55. Rc6 Rd8 56. Kd3 Ra8 57. Ne6 Ra3+ 58. Kc4 Ra4+ 59. Kb3 Ra1 60. Rc8 Rb1+ 61. Kc2 Rxb5 62. Rxf8# 1-0